000 01008nam a2200133Ia 4500
008 171212s9999 xx 000 0 und d
020 _a9780833040312
100 _aLandree, Eric;Paul, Christopher;Grill, Beth;Balakrishnan, Aruna;Wilson, Bradley;Eric Landree, ;Christopher Paul, ;Beth Grill, ;Aruna Balakrishnan, ;Bradley Wilson,
245 _cLandree, Eric;Paul, Christopher;Grill, Beth;Balakrishnan, Aruna;Wilson, Bradley;Eric Landree, ;Christopher Paul, ;Beth Grill, ;Aruna Balakrishnan, ;Bradley Wilson,
_aFreedom and Information
_bAssessing Publicly Available Data Regarding U.S. Transportation Infrastructure Security
260 _bRAND Corporation
_c2006
650 _aTechnology
650 _aTerrorism -- United States -- Prevention -- Evaluation; Terrorism -- Risk assessment -- United States; Transportation -- Effect of terrorism on -- United States; Transportation -- Security measures -- United States; Infrastructure (Economics) -- United St
856 _uwww.jstor.org/stable/10.7249/tr360dhs
999 _c352104
_d352104